ბათუმის შოთა რუსთაველის სახელმწიფო უნივერსიტეტის ბიბლიოთეკა

ლექსები,პოემა,ესპანური მოტივები. (ბიბ.ჩანაწერი № 44089)

000 -LEADER
fixed length control field 00842nam a2200217Ia 4500
001 - CONTROL NUMBER
control field 10847
003 - CONTROL NUMBER IDENTIFIER
control field GE_BSU
008 - FIXED-LENGTH DATA ELEMENTS--GENERAL INFORMATION
fixed length control field 181216s||||||||xx |||||||||||||| ||und||
040 ## - CATALOGING SOURCE
Transcribing agency GE_BSU
080 ## - UNIVERSAL DECIMAL CLASSIFICATION NUMBER
Universal Decimal Classification number 821.353.1–1+821.353.1–11+821.134.2–1
100 ## - MAIN ENTRY--PERSONAL NAME
Personal name ქვლივიძე,მიხეილ
245 ## - TITLE STATEMENT
Title ლექსები,პოემა,ესპანური მოტივები.
245 ## - TITLE STATEMENT
Statement of responsibility, etc. რედ.ლ.ფოფხაძე;მხატვ.ე.ამაშუკელი.
260 ## - PUBLICATION, DISTRIBUTION, ETC.
Place of publication, distribution, etc. თბილისი.
260 ## - PUBLICATION, DISTRIBUTION, ETC.
Name of publisher, distributor, etc. საბჭოთა საქართველო.
260 ## - PUBLICATION, DISTRIBUTION, ETC.
Date of publication, distribution, etc. 1965.
300 ## - PHYSICAL DESCRIPTION
Extent 127გვ;17სმ.
300 ## - PHYSICAL DESCRIPTION
Accompanying material ფოტო გარეკანზე.
653 ## - INDEX TERM--UNCONTROLLED
Uncontrolled term ლექსები,პოემა,ესპანური მოტივები.
942 ## - ADDED ENTRY ELEMENTS (KOHA)
Koha item type წიგნი
ეგზემპლარები
Withdrawn status Lost status Damaged status Not for loan Date acquired Barcode Date last seen Price effective from Koha item type
        2018-12-17 35323 2018-12-17 2018-12-17 წიგნი